000 00457nam a2200181Ia 4500
003 GCL
008 140319s9999 xx 000 0 eng d
040 _aGCL /
_cGCL
082 0 4 _a843
_bC M
100 1 _aDEL CASTILLO, MICHEL
245 1 0 _aMORT D'UN POETE /
_cDEL CASTILLO, MICHEL
260 _a[S.N] :
_bFOLIO ،
_c1994
300 _a367 P
490 _aDE FRANCE MERCURE
_v0
650 0 4 _aLITERATURE
650 0 4 _aFRENCH LITERATURE
942 _2ddc
_cBK
999 _c21926
_d21926